000 01069nam0a22002771 4500
001 rc\4903026
005 20250613033818.0
021 _aRU
_b[67-27883]
035 _a(NLR Aleph) 008929964
090 _a8878508
_c8878508
100 _a20130426d1967 |||y0rusy50 ca
101 0 _arus
102 _aRU
105 _aa z |||||
200 1 _aПодъемно-транспортные машины
_e[Учеб. пособие для ин-тов и фак. механизации сел. хоз-ва]
210 _aМосква
_cВысш. школа
_d1967
215 _a236 с.
_cил.
_d26
320 _aБиблиогр.: с. 234 (30 назв.)
606 _aПодъемно-транспортное оборудование
_jУчебники и пособия
_2psbo
606 _aСельское хозяйство
_xМеханизация
_jУчебники и пособия
_2psbo
700 1 _aУсов
_bП.В.
_gПавел Васильевич
801 0 _aRU
_bNLR
_gpsbo
801 1 _aRU
_bELAR
_2rusmarc
852 _aNLR
_j677/853
942 _cBOOK
980 _aNB